000
00363nam a22001217a 4500
999
_c
13546
_d
13546
082
_a
297.09
_b
ن د و
100
_a
سید سلیمان ندوی
245
_a
تاریخ ارض القرآن
260
_a
اسلام آباد
_b
نیشنل بک فاؤنڈیشن
_c
١٩٩٢
300
_a
٥٢٩ صفحات
650
_a
Islam, Quran, Ard ul Quran
942
_c
BK